| 000 | 01027nam a2200313 i 4500 | ||
|---|---|---|---|
| 003 | EG-GICUC | ||
| 005 | 20260423101537.0 | ||
| 008 | 260423s1961 gw ||||fr|||| 000 0 eng d | ||
| 040 |
_aEG-GiCUC _bger _cEG-GiCUC _dEG-GiCUC _erda |
||
| 041 | 0 | _ager | |
| 082 | 0 | 4 |
_221 _a343 _bWE . N |
| 092 | 0 | 4 | _221 |
| 099 | _aLaw1 10 343 WE . N 4 ed - 1961 | ||
| 100 | 1 |
_aWelzel, Hans _eAuthor. |
|
| 245 | 1 | 4 |
_aDas Neue Bild Des Strafrechtssystems: _bEine Einführung in die finale Handlungslehre; _cHans Welzel. |
| 250 | _a4. erweiterte Auflage | ||
| 264 | 1 |
_aGottingen: _bVerlag Otto Schwartz & Co; _c1961. |
|
| 300 |
_a81 pages : _billustrations, _c24 cm |
||
| 336 |
_2rda content _atext |
||
| 337 |
_2rda media _aComputer |
||
| 338 |
_2rda carrier _aOnline Resource |
||
| 500 | _aCuttinger Rechtswissenschaftliche Studien Band 1 | ||
| 546 | _a Text in German | ||
| 650 | 1 |
_aCriminal law _2qrmak |
|
| 651 | 1 | _2qrmak | |
| 856 | 4 | 0 | _uhttps://fll.law.cu.edu.eg/fulltext/bks/B10-11248.pdf |
| 905 | _a158 | ||
| 942 |
_2ddc _n0 _cBK _e21 |
||
| 999 |
_c72965 _d72965 |
||